| 000 | 01751nam a2200265 a 4500 | ||
|---|---|---|---|
| 001 | 000042953 | ||
| 005 | 20240530073936.0 | ||
| 008 | 140213s1996 dr 000 0 spa d | ||
| 020 | _a8484001830 | ||
| 040 |
_aDO-SdBNP _bspa _cBNPHU |
||
| 082 |
_a972.93 _bP349i |
||
| 100 | 1 |
_aPeña Batlle, Manuel Arturo, _d1902-1952 _98406 |
|
| 245 | 1 | 0 |
_aInstituciones políticas / _cManuel Arturo Peña Batlle. |
| 260 |
_aSanto Domingo : _bFundación Peña Batlle, _c1996. |
||
| 300 |
_a310 p. ; _c24 cm. |
||
| 490 | 1 | _aObras III | |
| 504 | _aIncluye bibliografía y notas al pie de páginas. | ||
| 505 | 0 |
_gPresentación -- _tNuestros grandes escritores, Amelia Francasci -- _tLos precursores españoles del derecho de gentes moderno -- _tInfluencia de Machiavelo en las ideas políticas del siglo XVI -- _tEl problema del derecho -- _tFray Francisco de Vitoria -- _tLa Misión Mella a España en 1854 -- _tPresentación del Lic. Manuel A. Amiama en "Acción cultural" -- _tNotas bibliográficas dominicanas -- _tSobre economía social americana -- _tFray Cipriano de Utrera -- _tLa codificación del derecho internacional en América -- _tTransformaciones del pensamiento político _tProblemas municipales -- _tMatrimonio y divorcio en Santo Domingo -- _tSincretismo y superficialidad -- _tCuestionario de Peña Batlle a la Unión Panamericana -- _tReseñas históricas de la constitución dominicana y sus reformas -- _gÍndice de nombres, materias y lugares. |
|
| 650 | 0 |
_aEnsayos dominicanos _965 |
|
| 651 | 4 |
_aRepública Dominicana _xHistoria _xEnsayos, Conferencias, Etc. _97095 |
|
| 651 | 4 |
_aRepública Dominicana _xPolítica Y Gobierno _xEnsayos, Conferencias, Etc. _91167 |
|
| 830 | 0 |
_aObras III _970442 |
|
| 910 | _aValidado. Control de calidad EMS | ||
| 049 | _aBNPD | ||
| 999 |
_c42442 _d42442 |
||